Normal view
MARC view
- Malay fiction
Entry Topical Term
001 - CONTROL NUMBER
- control field: 2141
003 - CONTROL NUMBER IDENTIFIER
- control field: OSt
005 - DATE AND TIME OF LATEST TRANSACTION
- control field: 20170508105721.0
008 - FIXED-LENGTH DATA ELEMENTS
- fixed length control field: 170508|| aca||aabn | a|a d
040 ## - CATALOGING SOURCE
- Original cataloging agency: OSt
- Transcribing agency: OSt
150 ## - HEADING--TOPICAL TERM
- Topical term or geographic name entry element: Malay fiction
670 ## - SOURCE DATA FOUND
- Source citation: Work cat.: (OSt)0: Maznan Noordin 2139, Jayeng /, 1994

PORTAL AKMAL
E-MEL JKDM
AKMAL2U
G-BAM
u-PUSTAKA